000 01664nam a2200229Ia 4500
008 260220t2006||||xx |||||||||||||| ||spa||
040 _aPY-SlUNAC
_bspa
_erda
041 _aspa
082 _a303.44
_bP943i
245 0 _aInforme sobres desarrollo humano 2006 :
_bmás allá de la escases
264 _aMadrid :
_bMundi - Prensa,
_c℗2006.
300 _a1 volumen
520 _aEl Informe sobre Desarrollo Humano 2006, titulado "Más allá de la escasez", presenta un análisis crítico de la pobreza y el desarrollo humano en el contexto global. A través de una revisión exhaustiva de datos y tendencias, el informe argumenta que el desarrollo no puede ser medido únicamente por indicadores económicos, sino que debe incluir dimensiones como la salud, la educación y el bienestar social. Se hace hincapié en la necesidad de adoptar un enfoque integral que promueva la equidad y la igualdad de oportunidades, destacando la importancia de la participación ciudadana y la gobernanza efectiva. Además, se abordan temas clave como el acceso a recursos básicos, la sostenibilidad ambiental y el papel de las políticas públicas en la reducción de la pobreza. Al final, el informe llama a los gobiernos y a la comunidad internacional a priorizar el desarrollo humano en sus agendas, reconociendo que la verdadera riqueza de una nación radica en el potencial de sus ciudadanos.
653 _aDesarrollo humano
653 _aEscasez
653 _aInforme sobre el desarrollo humano
942 _b2026/02/17
_cBK
999 _c6956
_d6956